000 00514nam a2200169 a 4500
001 2589
005 20180713182549.0
008 140415s1988 mx 000 0 spa d
041 _aspa
082 _a302.23072
_bFUE
100 1 _aFuentes N., Raúl,.
245 1 3 _aLA INVESTIGACION DE COMUNICACION EN MEXICO :
_bSISTEMATIZACION DOCUMENTAL 1956-1986
250 _a1a ed.
260 _aMEXICO :
_bEDICIONES DE COMUNICACION,
_c1988
300 _a656
650 1 4 _aCOMUNICACION
_xINVESTIGACION
_xMEXICO
999 _c2589
_d2589